书目信息 |
| 题名: |
网络图论及其应用
|
|
| 作者: | 陈树柏 编 | |
| 分册: | ||
| 出版信息: | 北京 科学出版社 1982 |
|
| 页数: | 560页 | |
| 开本: | 21cm | |
| 丛书名: | ||
| 单 册: | ||
| 中图分类: | TN711.6 , O157.5 | |
| 科图分类: | ||
| 主题词: | 网络图论--应用 , 代数 , 数论 , 组合数学 | |
| 电子资源: | ||
| ISBN: | ||
| 000 | 00723nam0 2200289 45 | |
| 001 | 0182006816 | |
| 005 | 20040630105627.4 | |
| 010 | @dCNY3.30 | |
| 091 | @a15031.411 | |
| 100 | @a19950628d1982 em y0chiy0121 ea | |
| 101 | 0 | @achi |
| 102 | @aCN@b110000 | |
| 105 | @ay z 000yy | |
| 106 | @ar | |
| 200 | 10 | @a网络图论及其应用@Awang luo tu lun ji qi ying yong@f陈树柏编 |
| 210 | @a北京@c科学出版社@d1982 | |
| 215 | @a560页@d21cm | |
| 606 | @a网络图论@x应用 | |
| 606 | 0 | @a代数 |
| 606 | 0 | @a数论 |
| 606 | 0 | @a组合数学 |
| 690 | @aTN711.6@v3 | |
| 690 | @aO157.5 | |
| 701 | 0 | @a陈树柏@Achen shu bai@4编 |
| 801 | 0 | @aCN@b上海图书馆@c20040630 |
| 801 | 2 | @aCN@bNLC@c20040630 |
| 905 | @f1@b219905@dO157.5@e42 | |
| 网络图论及其应用/陈树柏编.-北京:科学出版社,1982 |
| 560页;21cm |
| ISBN :CNY3.30 |
| ● |
| 相关链接 |
|
|
|
|
正题名:网络图论及其应用
索取号:O157.5/42
 
预约/预借
| 序号 | 登录号 | 条形码 | 馆藏地/架位号 | 状态 | 备注 |
| 1 | 0219905 | 001933803 | 第三借阅区/ [索取号:O157.5/42] | 在馆 | |
| 2 | 0219906 | 000415679 | 第二样本阅览室/ [索取号:O157.5/42] | 在馆 |